000 00349pam a2200157a 44500
008 230515b1989 xxu||||| |||| 00| 0 eng d
020 _aNULL
041 _aENGLISH
082 _a630
100 _a1727-1967
245 _aMETHODS OF TEST FOR POZZOLANIC MATERIALS
250 _a0
260 _aDELHI
_bISI
_c1989
300 _a15
650 _aNULL
999 _c652231
_d652231